000 01275njm a22003257a 4500
005 20100914112445.0
006 a|||||r|||||00| 0
007 sd ammalaaahaa
008 100910t xxu||||| |||| 00| 0 hin d
028 _aTAE. 1437
_bAngel Record's
035 _aGR-02299
040 _aSED/VEN
100 _91184
_aMageshkar, Lata
245 _aDekh Kabira roya part. 1 & 2 /
_cby Lata Mangeshkar ; music Madan Mohan ; lyric Ranjindhar Krishan
246 _aदेख कबीरा रोया (लता मंगेशकर)
260 _aDum Dum, India
_bAngel Record's
_cn. d.
300 _a1 sound disc : [Gramophone Record]
_banalog, 45 rpm
_c7 in.
_fGramophone Records
500 _aBrief record.
500 _aAngel Record's
500 _aBroun
500 _aExtended Play
505 _aMeri bina tum bin roye, Tu pyar kre ya thukraye (मेरी बिना तुम बिन रॉय) (तू प्यार करे या ठुकराए)
650 _xExcerpts
_zIndia
_919370
_aClassical Music
_vFilmi song
700 _919371
_aMadan Mohan
700 _aRanjindhar Krishan
_919937
700 _919372
700 _919676
942 _2ddc
_cGR
999 _c45696
_d45696